000 00735nam a2200229 a 4500
001 BRCA_1801
005 20190320203544.0
008 990414s1998 mx-a---##b---#000-0#spa-#
020 _a9686997067
040 _aDLC
_cDLC
050 4 _aF1391.G8
_b.G83 1998
245 1 0 _aGuanajuato
_bsitios y recorridos.
260 _aMéxico
_bGrupo Editorial Proyección de México
_c1998
300 _a269 p.
_bil. a color
_c35 cm.
500 _aColección Sonia Corcuera de Mancera
504 _aBibliografía: p. [270]
651 4 _aGuanajuato (México)
_xDescripción y viajes
_9880
651 4 _aGuanajuato (México)
_xHistoria
_94183
651 4 _aGuanajuato (México)
_xEdificios, estructuras, etc.
_95610
902 _aDSC
942 _2lcc
_cB
999 _c1582
_d1582